| 000 | 01703nam a2200433 i 4500 | ||
|---|---|---|---|
| 001 | 195441 | ||
| 003 | ES-MaACL | ||
| 005 | 20240615063033.0 | ||
| 007 | ta | ||
| 008 | 240613s2024 spca||| ||||o0|0 0 cat| | ||
| 015 |
_aLL2024 _2bnc |
||
| 017 |
_aDL T 161-2024 _bBiblioteca de Catalunya |
||
| 020 | _a9788419166074 | ||
| 035 | _a991061119829306706 | ||
| 040 |
_aES-BaBC _bcat _erda _cES-BaBC _dES-BaUB |
||
| 080 |
_a75Baya _x(083.824) _22004 |
||
| 080 |
_a7.074 _x(083.824) _22004 |
||
| 080 | _a7(65)(Bay) | ||
| 100 | 0 |
_aBaya, _d1931-1998 _9236966 |
|
| 245 | 1 | 2 |
_aL'ocell canta. Baya pinta... : _bFatma Haddad, Baya : Bordj-el-Kifan, 1931-Blida, 1998, Algèria : col·lecció Salim Becha / _ctextos: Pilar Bonet Julve |
| 264 | 1 |
_aTarragona : _bDiputació de Tarragona, _c[2024] |
|
| 300 |
_a29 páginas : _bilustraciones en color ; _c25 cm |
||
| 336 |
_atext _btxt _2rdacontent |
||
| 336 |
_aimatge fixa _bsti _2rdacontent |
||
| 337 |
_asense mediació _bn _2rdamedia |
||
| 338 |
_avolum _bnc _2rdacarrier |
||
| 500 | _aCatálogo de la exposición celebrada en el Museu d'Art Modern de Tarragona del 29 de febrero al 23 de junio de 2024 | ||
| 546 | _aText en català, castellà i francès | ||
| 600 | 0 | 7 |
_aBaya, _d1931-1998 _vExposiciones _2lemac _9236967 |
| 600 | 1 | 7 |
_aBecha, Salim _vExposiciones _2lemac _9236968 |
| 655 | 7 |
_2tgfbne _9193628 _aCatálogos de exposiciones |
|
| 700 | 1 |
_aBonet, Pilar, _d1956- _9236969 |
|
| 710 | 0 |
_aMuseu d'Art Modern (Tarragona) _95935 |
|
| 852 |
_aES-MaACL _cDES _jFOLL.DB-5 _9203492 |
||
| 942 |
_n0 _cFOLLETOS |
||
| 999 |
_c195441 _d195441 |
||